| 000 | 00451nam a22001817a 4500 | ||
|---|---|---|---|
| 003 | LC | ||
| 005 | 20160314145854.0 | ||
| 008 | 121114t xxu||||| |||| 00| 0 eng d | ||
| 020 | _a0553117084 | ||
| 050 |
_aPS 3569 _b.Se439 1978 |
||
| 082 |
_aFIC _bSe1j 1978 |
||
| 100 |
_aSearls, Hank _918477 |
||
| 245 |
_aJaws 2 / _cHank Searls |
||
| 260 |
_aNew York : _bBantam Books, _cc1978. |
||
| 300 |
_a293 p. : _c17 cm |
||
| 942 |
_2lcc _cBK |
||
| 999 |
_c10976 _d10976 |
||